000 00754nam a22002657a 4500
003 CHAP
005 20220329134521.0
008 971013s1983 r 00010 d
010 _a21493
011 _a22465
035 _a26560
040 _cCHAP
082 _a632.8
_bB68
100 0 0 _aBos, L.
_913964
245 _aIntroduction to plant virology
260 _aWageningen :
_bPudoc,
_c1983
300 _a160 p.
_b: ilus. ; gráfs.
590 _aBATCH-UPD
_b10
_c20130110
_lUCH01
_h1022
590 _aCONVERSION
_b10
_c20130109
_lUCH01
_h1313
650 1 4 _aPlantas
_xEnfermedades por virus.
_988834
650 1 4 _aVirus.
_9119936
901 _aBK
942 _cLIBRO
949 _a632.8 B68
_bBC
_cLIBRO
_d33724000182283
_eLIBRO
_gI. 123541
_h63418
_i26560
_si
999 _c21493
_d21493